PIC microcontroller project book /
Sparad:
| Huvudupphovsman: | |
|---|---|
| Materialtyp: | Sách giấy |
| Publicerad: |
New York :
McGraw-Hill,
c2000.
|
| Ämnen: | |
| Länkar: | Table of contents Publisher description |
| Taggar: |
Lägg till en tagg
Inga taggar, Lägg till första taggen!
|
| Thư viện lưu trữ: | Thư viện Trường Đại học Đà Lạt |
|---|
| LEADER | 01080nam a2200361 4500 | ||
|---|---|---|---|
| 001 | DLU030022896 | ||
| 005 | ##20021025165515.0 | ||
| 008 | ##001020s2000 nyua 001 0 eng d | ||
| 010 | # | # | |a 00709343 |
| 020 | # | # | |a 0071354794 |
| 035 | # | # | |a (DLC) 00709343 |
| 040 | # | # | |a NhCcYBP |c NhCcYBP |d UPB |d DLC |
| 042 | # | # | |a lccopycat |
| 050 | # | # | |a TJ233.P76 |b I69 2000 |
| 082 | # | # | |a 629.89 |i O-J |
| 100 | # | # | |a Iovine, John. |
| 245 | # | # | |a PIC microcontroller project book / |c John Iovine. |
| 260 | # | # | |a New York : |b McGraw-Hill, |c c2000. |
| 300 | # | # | |a ix, 203 p. : |b ill. ; |c 24 cm. |
| 500 | # | # | |a Includes index. |
| 583 | # | # | |a cat |c 20000830 |k rsb |5 UPB |
| 650 | # | # | |a Programmable controllers. |
| 856 | # | # | |3 Table of contents |u http://www.loc.gov/catdir/toc/mh021/00709343.html |
| 856 | # | # | |3 Publisher description |u http://www.loc.gov/catdir/description/mh021/00709343.html |
| 992 | # | # | |a 20.97 |
| 994 | # | # | |a DLU |
| 900 | # | # | |a True |
| 911 | # | # | |a Thái Thị Thanh Thủy |
| 925 | # | # | |a G |
| 926 | # | # | |a A |
| 927 | # | # | |a SH |
| 980 | # | # | |a Thư viện Trường Đại học Đà Lạt |


